A monograph of the recent cephalopoda: based on the collections in the British Museum Natural History
Wedi'i Gadw mewn:
| Prif Awdur: | |
|---|---|
| Fformat: | Llyfr |
| Iaith: | Saesneg |
| Cyhoeddwyd: |
Londres
The British Museum Natural History
1929
|
| Pynciau: | |
| Tagiau: |
Ychwanegu Tag
Dim Tagiau, Byddwch y cyntaf i dagio'r cofnod hwn!
|
MARC
| LEADER | 00000nam a2200000 a 4500 | ||
|---|---|---|---|
| 001 | UCV5349 | ||
| 003 | CL-VaPUC | ||
| 008 | 930504e19290000UK |||||||||||||||||eng|d | ||
| 082 | 0 | 4 | |a 594.5 |b ROB |2 21 |
| 100 | 0 | |a Robson, G. C |e author |9 299676 | |
| 245 | 1 | 2 | |a A monograph of the recent cephalopoda: based on the collections in the British Museum Natural History |
| 300 | |a v | ||
| 942 | |c BK | ||
| 945 | |d 19930504 00:00:00 | ||
| 260 | |a Londres |b The British Museum Natural History |c 1929 | ||
| 500 | |a v.1: Octopodinae | ||
| 500 | |a v.2: The octopoda | ||
| 650 | 7 | |a CEFALOPODOS |2 CL-VaPUC |9 262091 | |
| 583 | |a last modification |c 20130517 09:54:04 |k Rodrigo Vera | ||
| 999 | |c 211900 |d 211898 | ||